Multimodální logistická centra
Charakteristika logistického centra. Funkcia logistického centra. Hospodárske aglomerácie ako prirodzené lokality pre logistické centrá. Kritériá pre umiestnenie logistického centra. Trendy vo vývoji multimodálnych logistických centier.
Gespeichert in:
| 1. Verfasser: | |
|---|---|
| Format: | Buchkapitel |
| Sprache: | Tschechisch |
| Schlagworte: | |
| Tags: |
Keine Tags, Fügen Sie das erste Tag hinzu!
|
MARC
| LEADER | 00000naa$a2200000$$$4500 | ||
|---|---|---|---|
| 001 | 0032144 | ||
| 005 | 20231113115207.2 | ||
| 041 | 0 | |a cze | |
| 044 | |a CZ | ||
| 245 | 1 | 0 | |a Multimodální logistická centra |c Michaela Wansley |
| 520 | |a Charakteristika logistického centra. Funkcia logistického centra. Hospodárske aglomerácie ako prirodzené lokality pre logistické centrá. Kritériá pre umiestnenie logistického centra. Trendy vo vývoji multimodálnych logistických centier. | ||
| 610 | 2 | 0 | |a logistika distribučná |
| 610 | 2 | 0 | |a logistika obchodná |
| 610 | 2 | 0 | |a sklady |
| 610 | 2 | 0 | |a terminály |
| 610 | 2 | 0 | |a reťazce logistické |
| 610 | 2 | 0 | |a doprava |
| 610 | 2 | 0 | |a tok materiálu |
| 610 | 2 | 0 | |a tok tovaru |
| 100 | 1 | |a Wansley, Michaela | |